000 00479nam a2200181Ia 4500
001 3472
005 20260306145646.0
008 260306t2016||||xx |||||||||||||| ||spa||
041 _aESP
082 _a279.85
_bB135
100 _aBenito, José Antonio
_eAUT
245 0 _aEl seminario de Santo Toribio:
_ben la historia (1590 - 1973) su trayectoria vital
260 _c2016
300 _a388 páginas :
_c24 cm.
650 _aGEN
654 _aCHU
942 _cLIB
_dJUS
_fJUS
_2ddc
_n
999 _c3472
_d3472